Seychelles immigration by Country - Statistics

General Stats
  • This quiz has been taken 72 times
  • The average score is 8 of 10
Answer Stats
# People Country of Origin % Correct
6,728 India
92%
335 United Kingdom
90%
272 France
88%
549 China
82%
876 Madagascar
82%
614 Mauritius
80%
288 South Africa
78%
435 Kenya
77%
639 Sri Lanka
75%
758 Philippines
37%
No matching quizzes found
Score Distribution
Percent of People with Each Score
Percentile by Number Answered
Your Score History
You have not taken this quiz